000 nam a22 7a 4500
999 _c7767
_d7767
005 20190724023028.0
008 190724b xxu||||| |||| 00| 0 eng d
020 _a0130882631
_bpaperback
040 _beng
_cAPEC Schools Library
_erda
082 _aC 004.6
_bSt18b 2003
100 _aStallings, William
245 _aBusiness data communication /
_cWilliam Stallings.
264 _aJurong, Singapore :
_bPearson Education,
_c©2003.
300 _axxii, 659 pages :
_billustrations ;
336 _2rdacontent
_atext
337 _2rdamedia
_aunmediated
338 _2rdacarrier
_avolume
504 _aIncludes bibliographical references and index.
650 _aData transmission systems.
650 _aBusiness enterprises--Computer networks.
942 _2ddc
_cNFIC